| 000 | 00406cam a2200181ua 4500 | ||
|---|---|---|---|
| 020 | _c2.50 | ||
| 041 |
_ahin _h |
||
| 082 |
_a891.54 _bBHA/KI |
||
| 100 | _aBharavi, . | ||
| 245 |
_aKiratarjuneya / _cBharavi. _hTextual Documents |
||
| 250 |
_a2 / _b. |
||
| 260 |
_a : _bRajpal and Sanch , _c1957. |
||
| 300 | _a108 ; . | ||
| 365 | _a2.50 | ||
| 504 | _a | ||
| 942 | _cBK | ||
| 999 |
_c6395 _d6395 |
||